| 000 | 00428nam a22001697a 4500 | ||
|---|---|---|---|
| 005 | 20251108165337.0 | ||
| 008 | 250721s2001 xx 000 0 ara d | ||
| 082 | 1 | 4 | _a440.7/رشي |
| 100 | 1 | _aرشيد، أحمد | |
| 245 | 1 | 0 | _aالفرنسية للجميع / |
| 264 | 1 |
_aعمان : _c2001. |
|
| 300 | _a143ص | ||
| 650 | 1 | 7 | _aاللغة الفرنسية |
| 650 | 1 | 7 | _aالتعليم |
| 942 |
_2ddc _cBK |
||
| 999 |
_c25613 _d25613 |
||